Stati per confine terrestre - Europa - Statistics

Statistiche generali
  • Questo quiz è stato fatto 24 volte
  • Il punteggio medio è 9 su 10
Statistiche sulle risposte
Confini totali (km) Nazione % Corretto
2 889 Francia
100%
3 621 Germania
100%
2 788 Polonia
100%
4 663 Ucraina
100%
2 508 Romania
95%
2 690 Finlandia
89%
2 551 Norvegia
89%
2 562 Austria
84%
2 233 Svezia
84%
2 197 Croazia
68%
Nessun quiz corrispondente trovato
Distribuzione punteggi
Percentuale di utenti per punteggio
Percentile per numero di risposta
I tuoi punteggi nel tempo
Non hai fatto questo quiz